Personnages Disney/Pixar en images - D - Statistiques

Statistiques générales
  • Ce quiz a été pris 879 fois
  • Le résultat moyen est 9 sur 20
Statistiques - réponses
Par images Réponse % Correct
Dumbo
99%
Dory
98%
Donald
96%
Dingo
94%
Dormeur
90%
Dégout
89%
Duchesse
76%
Doug
51%
Dante
39%
Darla
31%
Dinah
18%
Darling
16%
Djali
13%
Duke Caboom
13%
David Q. Dawson
7%
Dawn Bellwether
7%
Dahlia
5%
Dorothea
4%
Delbert Doppler
3%
Darby Steel
2%
Aucun quiz correspondant
Distribution des résultats
% des personnes avec chaque résultat
Percentile par nombre de réponses
Votre historique - résultats
Vous n’avez pas pris ce quiz